ბათუმის შოთა რუსთაველის სახელმწიფო უნივერსიტეტის ბიბლიოთეკა

Международное экономичечское право (ბიბ.ჩანაწერი № 35509)

000 -LEADER
fixed length control field 00693nam a2200229Ia 4500
001 - CONTROL NUMBER
control field 1370
003 - CONTROL NUMBER IDENTIFIER
control field GE_BSU
008 - FIXED-LENGTH DATA ELEMENTS--GENERAL INFORMATION
fixed length control field 181216s||||||||xx |||||||||||||| ||und||
020 ## - INTERNATIONAL STANDARD BOOK NUMBER
International Standard Book Number 5896450117
040 ## - CATALOGING SOURCE
Transcribing agency GE_BSU
080 ## - UNIVERSAL DECIMAL CLASSIFICATION NUMBER
Universal Decimal Classification number 341.1:347.7
100 ## - MAIN ENTRY--PERSONAL NAME
Personal name Шумилов,В.М.
245 ## - TITLE STATEMENT
Title Международное экономичечское право
245 ## - TITLE STATEMENT
Remainder of title Учебно-методическое пособие
260 ## - PUBLICATION, DISTRIBUTION, ETC.
Place of publication, distribution, etc. Москва
260 ## - PUBLICATION, DISTRIBUTION, ETC.
Name of publisher, distributor, etc. Изд.-консалтинговая компания "Дека
260 ## - PUBLICATION, DISTRIBUTION, ETC.
Date of publication, distribution, etc. 1999
300 ## - PHYSICAL DESCRIPTION
Extent 400стр.
653 ## - INDEX TERM--UNCONTROLLED
Uncontrolled term Международное экономичечское право
942 ## - ADDED ENTRY ELEMENTS (KOHA)
Koha item type წიგნი
ეგზემპლარები
Withdrawn status Lost status Damaged status Not for loan Date acquired Barcode Date last seen Price effective from Koha item type
        2018-12-17 1755 2018-12-17 2018-12-17 წიგნი